Sự tồn tại nghiệm của bài toán tựa cân bằng đối xứng : (Chuyên ngành: Giải tích)

Nội dung đề tài gồm các bài toán tựa cân bằng, tựa cân bằng đối xứng, bài toán tìm điểm trùng, bất dẳng thức biến phân.

সংরক্ষণ করুন:
গ্রন্থ-পঞ্জীর বিবরন
প্রধান লেখক: Tô, Thị Thu Hằng
বিন্যাস: গ্রন্থ
ভাষা:Undetermined
প্রকাশিত: Cần Thơ Trường Đại học Cần Thơ 2008
বিষয়গুলি:
ট্যাগগুলো: ট্যাগ যুক্ত করুন
কোনো ট্যাগ নেই, প্রথমজন হিসাবে ট্যাগ করুন!
Thư viện lưu trữ: Trung tâm Học liệu Trường Đại học Cần Thơ
LEADER 00956nam a2200217Ia 4500
001 CTU_135955
008 210402s9999 xx 000 0 und d
082 |a 515 
082 |b H116 
088 |a 604601 
100 |a Tô, Thị Thu Hằng 
245 0 |a Sự tồn tại nghiệm của bài toán tựa cân bằng đối xứng : 
245 0 |b (Chuyên ngành: Giải tích) 
245 0 |c Tô Thị Thu Hằng ; Phan Quốc Khánh giáo viên hướng dẫn 
260 |a Cần Thơ 
260 |b Trường Đại học Cần Thơ 
260 |c 2008 
520 |a Nội dung đề tài gồm các bài toán tựa cân bằng, tựa cân bằng đối xứng, bài toán tìm điểm trùng, bất dẳng thức biến phân. 
650 |a Mathematical analysis,Toán giả tích 
904 |i Tuyến 
980 |a Trung tâm Học liệu Trường Đại học Cần Thơ